Achieving your professional doctorate

Main Author: Lee, Nancy-Jane
Language: English
Published: New York: Open University Press, 2009.
Series: Open UP study skills
Subjects:
LEADER 00769cam a2200229 7i4500
001 0000029359
005 20100816090000.0
008 100813 eng
020 |a 0335227228 (hbk.)  
020 |a 9780335227228 (hbk.)  
040 |a OhCoOLI 
090 0 0 |a LB2386   |b .L26 2009 
100 3 |a Lee, Nancy-Jane  
245 1 0 |a Achieving your professional doctorate   |c Nancy-Jane Lee. 
260 |a New York:   |b Open University Press,   |c 2009. 
300 |a viii, 226 p.:   |b ill.;   |c 23 cm. 
490 0 |a Open UP study skills 
504 |a Includes bibliographical references and index 
650 0 0 |a Professional education  
650 0 0 |a Doctor of philosophy degree  
997 |a Centre for Graduate Studies 
999 |a 0000045832  |b BOK  |c OPEN SHELF  |e 1st Floor, Shah Alam